Miscelánea tridentina maioricense / (Record no. 143013)

MARC details
000 -LEADER
campo de control de longitud fija 00705nam a2200193 i 4500
001 - NÚMERO DE CONTROL
campo de control 143013
003 - IDENTIFICADOR DE NÚMERO DE CONTROL
campo de control ES-MaACL
005 - FECHA Y HORA DE LA ÚLTIMA TRANSACCIÓN
campo de control 20250902105837.0
007 - CAMPO FIJO DE DESCRIPCIÓN FÍSICA--INFORMACIÓN GENERAL
campo de control de longitud fija t|
008 - DATOS DE LONGITUD FIJA--INFORMACIÓN GENERAL
campo de control de longitud fija 071011s1946 sp ||||1| spa d
100 1# - ENTRADA PRINCIPAL--NOMBRE DE PERSONA
Nombre de persona Vich i Salom, Joan.
9 (RLIN) 114380
245 10 - MENCIÓN DEL TÍTULO
Título Miscelánea tridentina maioricense /
Mención de responsabilidad, etc. Juan Vich y Salom.
260 ## - PUBLICACIÓN, DISTRIBUCIÓN, ETC.
Lugar de publicación, distribución, etc. Palma de Mallorca :
Nombre del editor, distribuidor, etc. Sociedad Arqueológica Luliana,
Fecha de publicación, distribución, etc. 1946.
300 ## - DESCRIPCIÓN FÍSICA
Extensión 149 p., 2 h., 4 h. de lám. y facs. ;
Dimensiones 24 cm.
500 ## - NOTA GENERAL
Nota general Es tirada aparte del Boletín de la Sociedad Arqueológica Laliana, año L, XI, núms. 714-715 p. 521-665.
710 2# - ENTRADA AGREGADA--NOMBRE DE ENTIDAD CORPORATIVA
Nombre de entidad corporativa o nombre de jurisdicción como elemento de entrada Sociedad Arqueológica Luliana
9 (RLIN) 6638
852 ## - LOCALIZACIÓN
Ubicación ES-MaACL
Número de control de estantería 1862-F-1
Sublocalización o colección R.23704
Holdings
Estatus retirado Estado de pérdida Estado de daño No para préstamo Colección Biblioteca de origen Biblioteca actual Ubicación en estantería Fecha de adquisición Fuente de adquisición Total de préstamos Signatura topográfica completa Código de barras Visto por última vez Precio de reemplazo Tipo de ítem Koha
        Colección de folletos Biblioteca del Ateneo de Madrid Biblioteca del Ateneo de Madrid Depósito folletos 17/01/2008     1862-F-1 1148796 23/02/2023 23/02/2023 Folleto